• Vlcek Oldrich

di Personal Name

Records bibliografici associati: 1

001 - CONTROL NUMBER

  • control field: 49190

003 - CONTROL NUMBER IDENTIFIER

  • control field: IT-RoPau

005 - DATE AND TIME OF LATEST TRANSACTION

  • control field: 20151202082725.0

008 - FIXED-LENGTH DATA ELEMENTS

  • fixed length control field: 151202|| aca||aabn | a|a d

040 ## - CATALOGING SOURCE

  • Original cataloging agency: IT-RoPau
  • Transcribing agency: IT-RoPau

100 ## - HEADING--PERSONAL NAME

  • Personal name: Vlcek Oldrich
  • Relator term: (soggetto)
  • Miscellaneous information: Codice Soggetto SPICS: 29730

670 ## - SOURCE DATA FOUND

  • Source citation: Work cat.: (IT-RoPau)106872: Menzel Jiri Codice regista SPICS: 1604 49185, MAGNIFICI UOMINI DELLA MANOVELLA (I) MAGNIFICI UOMINI DELLA MANOVELLA (I) (Rif. Codice opera principale : 21575)
CREDITS: SOCIETA' SAN PAOLO Via A.Severo, 58 - ROMA (RM) & PERIODICI SAN PAOLO SRL Via Giotto, 36 MILANO & CISF Via Giotto, 36 MILANO & EDIZIONI SAN PAOLO SRL,  Piazza Soncino, 5 CINISELLO BALSAMO (MI) -- ITALY